000 00367nam a22001457a 4500
999 _c1527
_d1527
008 200127b ||||| |||| 00| 0 eng d
082 0 0 _a744.4
_bB6144
100 _9873
_aBinns, H.
245 1 0 _aExamples in engineering drawing, Vol - II
_cby H Binns
260 _aLondon
_bEUP
_c1948
300 _a79p.
365 _d11.11
650 0 _aMechanical Drawing
942 _cBK